Nádory varlat
Saved in:
| Main Author | |
|---|---|
| Other Authors | , |
| Format | Electronic eBook |
| Language | Czech |
| Published |
Grada
2008
|
| Edition | 1. elektronické vydání |
| Subjects | |
| Online Access | Dostupné v BOOKPORT po přihlášení pomocí eduID |
| ISBN | 978-80-247-6382-8 978-80-247-2349-5 |
| Physical Description | 1 online zdroj (328 stran) |
| LEADER | 00000nam a2200000 i 4500 | ||
|---|---|---|---|
| 001 | bkp4962 | ||
| 003 | CZ-prgp | ||
| 005 | 20170103190445.0 | ||
| 006 | m o d | ||
| 007 | cr cn | ||
| 008 | 170103s2008 xr o 000 0 cze | ||
| 020 | |a 978-80-247-6382-8 |c 757 Kč |q (online ; pdf) | ||
| 020 | |a 978-80-247-2349-5 |c 408 Kč |q (print) | ||
| 040 | |a Grada |b cze |e rda | ||
| 100 | 1 | |a Abrahámová, Jitka | |
| 245 | 1 | 0 | |a Nádory varlat |c Jitka Abrahámová, Ctibor Povýšil, Ladislav Dušek |
| 250 | |a 1. elektronické vydání | ||
| 264 | 1 | |b Grada |c 2008 | |
| 300 | |a 1 online zdroj (328 stran) | ||
| 336 | |a text |b txt |2 rdacontent | ||
| 337 | |a počítač |b c |2 rdamedia | ||
| 338 | |a online zdroj |b cr |2 rdacarrier | ||
| 520 | 3 | |a Autoři shrnují veškeré současné poznatky týkající se prevence, epidemiologie, rizikových faktorů, diagnostiky i léčby tohoto onemocnění. Vycházejí z vlastní sestavy pacientů s testikulárními nádory, která je největší v ČR.Barevná publikace, která je doplněna bohatou obrazovou dokumentací (276 vyobrazení, 82 tabulek a grafů), je určena onkologům, urologům, patologům, epidemiologům i lékařům prvního kontaktu. Podobná kniha v ČR dosud nevyšla.Spoluautory jsou dále: doc. MUDr. Ivan Malbohan, CSc., doc. MUDr. Jaroslav Novák, CSc.. Knihu recenzoval doc. MUDr. Ivan. Kawaciuk, CSc. | |
| 650 | 0 | 4 | |a Onkologie |
| 700 | 1 | |a Ctibor Povýšil | |
| 700 | 1 | |a Ladislav Dušek | |
| 856 | 4 | 0 | |u https://www.bookport.cz/AccountSaml/SignIn/?idp=https://shibboleth.utb.cz/idp/shibboleth&returnUrl=/kniha/nadory-varlat-1495/ |y Dostupné v BOOKPORT po přihlášení pomocí eduID |